The Brown Goras of Brampton: (Record no. 204591)
[ view plain ]
| 000 -LEADER | |
|---|---|
| fixed length control field | 00661nam a22002057a 4500 |
| 005 - DATE AND TIME OF LATEST TRANSACTION | |
| control field | 20240814110437.0 |
| 010 ## - LCCN (DPL NO) | |
| LC control number | ENG-141073 |
| 020 ## - INTERNATIONAL STANDARD BOOK NUMBER | |
| International Standard Book Number | 9789392210402 |
| Terms of availability | 350.00 |
| 035 ## - SYSTEM CONTROL NUMBER | |
| System control number | EN-124605 |
| 037 ## - SOURCE OF ACQUISITION | |
| Source of stock number/acquisition | DBAD |
| 082 ## - DEWEY DECIMAL CLASSIFICATION NUMBER | |
| Classification number | 304.80954 |
| 100 ## - MAIN ENTRY--PERSONAL NAME | |
| Personal name | NAKAI APARJEET |
| 245 ## - TITLE STATEMENT | |
| Title | The Brown Goras of Brampton: |
| Remainder of title | Struggles in a Land of Promise/ |
| Statement of responsibility, etc | By Aparjeet Nakai |
| 260 ## - PUBLICATION, DISTRIBUTION, ETC. (IMPRINT) | |
| Place of publication, distribution, etc | chandigarh |
| Name of publisher, distributor, etc | JGS Enterprises Pvt Ltd |
| Date of publication, distribution, etc | 2024 |
| 270 ## - ADDRESS | |
| Address | SCO 14-15, Sector 8-C, Chandigarh |
| City | Chandigarh |
| Postal code | 160009 |
| 300 ## - PHYSICAL DESCRIPTION | |
| Extent | 159p.: |
| Dimensions | 22cm (pbk) |
| 650 ## - SUBJECT ADDED ENTRY--TOPICAL TERM | |
| Topical term or geographic name as entry element | Biography |
| 700 ## - ADDED ENTRY--PERSONAL NAME | |
| Personal name | Gore, Madhav Sadashiv |
| 9 (RLIN) | 10217 |
| 942 ## - ADDED ENTRY ELEMENTS (KOHA) | |
| Source of classification or shelving scheme | Dewey Decimal Classification |
| Item type | English Books |
| Classification part | 304.80954 |
| Call number suffix | NAK |
| Withdrawn status | Lost status | Not for loan | Collection code | Home library | Current library | Date acquired | Source of acquisition | Cost, normal purchase price | Full call number | Barcode | Copy number | Cost, replacement price | Koha item type |
|---|---|---|---|---|---|---|---|---|---|---|---|---|---|
| Non-fiction | Patel Nagar | Patel Nagar | 30/07/2024 | DBAD | 350.00 | 304.80954 NAK | EN-124605 | 1 | 350.00 | English Books |
